Los indios tupari y la civilización

Guardat en:
Dades bibliogràfiques
Autor principal: Caspar, Franz (Autor)
Format: Llibre
Idioma:espanyol
Publicat: Madrid Instituto Gonzalo Fernández de Oviedo 1952
Col·lecció:Miscelánea Americanista, 3
Matèries:
Etiquetes: Afegir etiqueta
Sense etiquetes, Sigues el primer a etiquetar aquest registre!

MARC

LEADER 00000nam a2200000 a 4500
001 UCJ0447
003 CL-VaPUC
008 060804e19520000SP |||||||||||||||||spa|d
082 0 4 |a 981.01  |b CAS  |2 21 
100 0 |a Caspar, Franz  |e author  |9 500613 
245 1 4 |a Los indios tupari y la civilización 
300 |a 32 p 
942 |c BK 
945 |d 20060804 00:00:00  |a cmena 
260 |a Madrid  |b Instituto Gonzalo Fernández de Oviedo  |c 1952 
650 0 |a Historia de América  |9 266076 
650 0 |a Desarrollo cultural  |9 267526 
650 7 |a INDIOS  |2 CL-VaPUC  |9 258588 
583 |a last modification  |c 20060804 00:00:00  |k Rodrigo Vera 
490 0 |a Miscelánea Americanista, 3 
999 |c 317281  |d 317279 
952 |0 0  |1 0  |4 0  |6 981_010000000000000_CAS_1952  |7 0  |8 A  |9 393356  |a BIBHIS  |b BIBHIS  |d 2019-11-22  |i 1299034  |o 981.01 CAS 1952  |p 1299034  |r 2025-01-20  |w 2019-11-22  |y BK  |k HIS